Teach yourself keeping pigs (Record no. 80930)

MARC details
000 -LEADER
fixed length control field 00558nam a2200169 a 4500
008 - FIXED-LENGTH DATA ELEMENTS--GENERAL INFORMATION
fixed length control field 081121s2007 ||||||||||||||||| || u
020 ## - INTERNATIONAL STANDARD BOOK NUMBER
International Standard Book Number 9780340927434
050 ## - LIBRARY OF CONGRESS CALL NUMBER
Classification number SF 396.9 Yor
100 ## - MAIN ENTRY--PERSONAL NAME
Personal name York, Tony
245 10 - TITLE STATEMENT
Title Teach yourself keeping pigs
260 ## - PUBLICATION, DISTRIBUTION, ETC.
Place of publication, distribution, etc. London
Name of publisher, distributor, etc. Hodder Arnold
Date of publication, distribution, etc. 2007
300 ## - PHYSICAL DESCRIPTION
Extent x, 143p.: ill.
350 ## -
-- 0.00
650 ## - SUBJECT ADDED ENTRY--TOPICAL TERM
Topical term or geographic name entry element ANIMALS
650 ## - SUBJECT ADDED ENTRY--TOPICAL TERM
Topical term or geographic name entry element SWINE--BREEDING
995 ## -
-- BINDERY (DAMAGED)
-- 0.00
-- 740012
-- CBU-MAIN LIBRARY (Kitwe)
-- 1
-- 0.00
-- SF 396.9 Yor
-- 2
-- DAMAGED
-- May 14, 2009
-- 740012
-- Main Library Open Access Collection
999 ## -
-- 80930
-- 80930
Holdings
Withdrawn status Lost status Source of classification or shelving scheme Damaged status Not for loan Permanent Location Current Location Shelving location Date acquired Total Checkouts Full call number Barcode Date last seen Copy number Price effective from Koha item type
          CBU-MAIN LIBRARY, KITWE. CBU-MAIN LIBRARY, KITWE.   07/11/2023   SF 396.9 Yor 740012 07/11/2023 1 07/11/2023 MONOGRAPH